Online Catalogue and eLibrary

Poronawa (Record no. 5373)

MARC details
000 -LEADER
fixed length control field 00375nam a2200145Ia 4500
005 - DATE AND TIME OF LATEST TRANSACTION
control field 20250411041911.0
008 - FIXED-LENGTH DATA ELEMENTS--GENERAL INFORMATION
fixed length control field 240331s9999 xx 000 0 und d
082 ## - DDC Classification
Item Number - Author Mark POR
Class No. 9558123005
245 #0 - TITLE STATEMENT
Title Poronawa
260 ## - PUBLICATION, DISTRIBUTION, ETC.
Place of publication, distribution, etc. Rajagiriya
Name of publisher, distributor, etc. Damika De silva Publication
Date of publication, distribution, etc. 1998
300 ## - PHYSICAL DESCRIPTION
Extent (e.g. Volumes, Pages etc.) 121 p .,
500 ## - GENERAL NOTE
General note New Writing by Indian Women
700 ## - ADDED ENTRY--PERSONAL NAME
Personal name Jahan,R. ed
Relator term (Role) Editor
942 ## - Koha item type (Biblio)
Koha item type Books in Stacks (Lending)
Holdings
Lost status Damaged status Collection code Home library Current library Shelving location Date acquired Full call number Accession Number Item type
    Lending WERC Library WERC Library Social Science Cupboard 03/31/2024 891.48 POR 2651 Books in Stacks (Lending)

© WERC Library